000 00310nam a2200121Ia 4500
008 151001s9999||||xx |||||||||||||| ||und||
100 _a राणू
245 _aहरसिंगार
250 _a1
260 _bहिंद पॉकेट बुक्स
300 _a187
365 _b16
999 _c963646
_d963643